000 00599nam a2200205Ia 4500
003 GCL
008 140319s9999 xx 000 0 ara d
040 _aGCL /
_cGCL
082 0 4 _a811.6
_bس ش
100 1 _aسعد بوفلاقة
245 1 0 _aالشعر النسوى الاندلسى : اغراضة وخصائصة الفنية /
_cسعد بوفلاقة
300 _a274 ص
490 _a
650 0 4 _aالشعر العربى
650 0 4 _aالادب العربى
650 0 4 _aالمرأة
650 0 4 _aالمرأة فى الادب
650 0 4 _aتاريخ ونقد
942 _2ddc
_cBK
999 _c41985
_d41985